[Event "CFR-chT"]
[Site "Elets"]
[Date "2009.12.17"]
[Round "1"]
[White "Semenkov, Artem"]
[Black "Ovod, Evgenija"]
[Result "0-1"]
[WhiteElo "2157"]
[BlackElo "2415"]
[PlyCount "82"]
[EventDate "2009.12.16"]
[EventType "team-swiss"]
[EventRounds "7"]
[EventCountry "RUS"]
[SourceTitle "EXT 2022"]
[Source "ChessBase"]
[SourceDate "2021.10.06"]
[SourceVersion "1"]
[SourceVersionDate "2021.10.06"]
[SourceQuality "1"]

1. e4 e5 2. Nf3 Nc6 3. d4 exd4 4. Nxd4 Bb4+ 5. c3 Bc5 6. Be3 Bb6 7. Nxc6 bxc6 8. Bxb6 axb6 9. Bd3 Ne7 10. 0-0 d6 11. Nd2 0-0 12. Qc2 h6 13. f4 f5 14. exf5 Bxf5 15. Bxf5 Nxf5 16. Rfe1 Qh4 17. Qe4 Rae8 18. Qxe8 Rxe8 19. Rxe8+ Kf7 20. Re2 c5 21. a4 Kg6 22. Rf1 Qg4 23. Rf3 Kh7 24. h3 Qg6 25. Kh2 d5 26. g4 Nh4 27. Rff2 Qd6 28. Kh1 Ng6 29. f5 Ne5 30. Re3 d4 31. cxd4 cxd4 32. Re4 Nd3 33. Rf3 Ne5 34. Rf1 c5 35. b3 Qd5 36. Rfe1 Nd3 37. Rf1 Ne5 38. f6 gxf6 39. Rxf6 c4 40. Rf5 c3 41. Rfxe5 Qxe5 0-1

[Event "CFO-chT"]
[Site "Elets"]
[Date "2008.12.19"]
[Round "4"]
[White "Uryupin, Igor Nikolaevich"]
[Black "Semenkov, Artem"]
[Result "1/2-1/2"]
[WhiteElo "2248"]
[BlackElo "2198"]
[PlyCount "89"]
[EventDate "2008.12.17"]
[EventType "team-tourn"]
[EventRounds "7"]
[EventCountry "RUS"]
[SourceTitle "EXT 2011"]
[Source "ChessBase"]
[SourceDate "2010.11.26"]
[SourceVersion "1"]
[SourceVersionDate "2010.11.26"]
[SourceQuality "1"]

1. c4 Nf6 2. g3 g6 3. Bg2 Bg7 4. Nc3 0-0 5. Nf3 d6 6. 0-0 Nc6 7. d3 e5 8. Rb1 a5 9. a3 h6 10. b4 axb4 11. axb4 Be6 12. b5 Ne7 13. Qc2 Qd7 14. Bb2 Nh7 15. Ra1 c6 16. bxc6 bxc6 17. Na4 Qc7 18. d4 f5 19. dxe5 dxe5 20. Nc5 Bf7 21. Rfd1 Rxa1 22. Bxa1 Re8 23. e4 fxe4 24. Nxe4 Nc8 25. Bh3 Qe7 26. Bb2 Be6 27. Bxe6+ Qxe6 28. Nfd2 Nf6 29. Nxf6+ Qxf6 30. Ne4 Qf7 31. h4 Qe6 32. Ba3 Nb6 33. Nd6 Rd8 34. Rb1 Nd7 35. h5 gxh5 36. Qe4 Bf8 37. c5 Bxd6 38. cxd6 c5 39. Rb7 Qxd6 40. Bxc5 Qxc5 41. Qg6+ Kf8 42. Qxh6+ Ke7 43. Qg5+ Ke8 44. Qxh5+ Ke7 45. Qg5+ 1/2-1/2

[Event "CFO-chT"]
[Site "Elets"]
[Date "2008.12.17"]
[Round "1"]
[White "Semenkov, Artem"]
[Black "Prulentsov, Andrey"]
[Result "1/2-1/2"]
[WhiteElo "2198"]
[BlackElo "2089"]
[PlyCount "81"]
[EventDate "2008.12.17"]
[EventType "team-tourn"]
[EventRounds "7"]
[EventCountry "RUS"]
[SourceTitle "EXT 2011"]
[Source "ChessBase"]
[SourceDate "2010.11.26"]
[SourceVersion "1"]
[SourceVersionDate "2010.11.26"]
[SourceQuality "1"]

1. e4 c5 2. Nf3 a6 3. c4 d6 4. Nc3 e6 5. d4 cxd4 6. Nxd4 Nf6 7. Be2 Qc7 8. Be3 Nbd7 9. 0-0 b6 10. Rc1 Bb7 11. Qc2 Nc5 12. f3 Be7 13. b4 Ncd7 14. f4 Rc8 15. Qb1 0-0 16. f5 e5 17. Nb3 Qb8 18. Nd5 Nxd5 19. cxd5 b5 20. Na5 Rxc1 21. Rxc1 Bd8 22. Nxb7 Qxb7 23. Kh1 Bb6 24. Bd2 Bd4 25. Qc2 Nb6 26. Qc7 Qxc7 27. Rxc7 Rc8 28. Rxc8+ Nxc8 29. g4 h6 30. Kg2 Nb6 31. Kf1 Na4 32. Bd1 Nc3 33. Bxc3 Bxc3 34. a3 Kf8 35. Ke2 Bb2 36. a4 Ba3 37. axb5 axb5 38. Kf3 Bxb4 39. Be2 Ke7 40. Bxb5 g5 41. h3 1/2-1/2

[Event "Lipetsk King's Gambit 2nd"]
[Site "Lipetsk"]
[Date "2008.07.17"]
[Round "9"]
[White "Skomorohov, Grigorij"]
[Black "Semenkov, Artem"]
[Result "0-1"]
[WhiteElo "2213"]
[BlackElo "2145"]
[PlyCount "70"]
[EventDate "2008.07.08"]
[EventType "swiss"]
[EventRounds "9"]
[EventCountry "RUS"]
[SourceTitle "EXT 2022"]
[Source "ChessBase"]
[SourceDate "2021.10.06"]
[SourceVersion "1"]
[SourceVersionDate "2021.10.06"]
[SourceQuality "1"]

1. c4 c5 2. Nc3 Nc6 3. g3 e5 4. Bg2 g6 5. d3 Bg7 6. Nf3 Nge7 7. 0-0 0-0 8. Bd2 Rb8 9. Ne1 a6 10. a4 d6 11. Nc2 Be6 12. Ne3 f5 13. Ned5 a5 14. Qc1 b6 15. Ra3 Qd7 16. Bg5 Nc8 17. Bh6 Bxh6 18. Qxh6 Nb4 19. Raa1 Ne7 20. Nxe7+ Qxe7 21. Qd2 Rbd8 22. b3 d5 23. cxd5 Nxd5 24. Nxd5 Bxd5 25. Bxd5+ Rxd5 26. Qe3 Re8 27. Rac1 e4 28. dxe4 Qxe4 29. Qxe4 Rxe4 30. Rfd1 Rxd1+ 31. Rxd1 Rb4 32. Rd3 Kf7 33. h4 Ke6 34. Kg2 c4 35. bxc4 Rxa4 0-1

[Event "Lipetsk King's Gambit 2nd"]
[Site "Lipetsk"]
[Date "2008.07.12"]
[Round "4"]
[White "Torshin, Anton1111"]
[Black "Semenkov, Artem"]
[Result "0-1"]
[WhiteElo "1755"]
[BlackElo "2145"]
[PlyCount "70"]
[EventDate "2008.07.08"]
[EventType "swiss"]
[EventRounds "9"]
[EventCountry "RUS"]
[SourceTitle "EXT 2022"]
[Source "ChessBase"]
[SourceDate "2021.10.06"]
[SourceVersion "1"]
[SourceVersionDate "2021.10.06"]
[SourceQuality "1"]

1. e4 c5 2. Nf3 e6 3. d4 cxd4 4. Nxd4 a6 5. Bd3 Qc7 6. 0-0 Nf6 7. c4 Nc6 8. Nb3 Be7 9. Be3 0-0 10. Nc3 d6 11. Rc1 b6 12. f3 Ne5 13. Be2 Bb7 14. Qe1 Ned7 15. Qg3 Kh8 16. Rfd1 Rfd8 17. Nd4 Rac8 18. b3 g6 19. Nc2 b5 20. Nd4 bxc4 21. Bxc4 Qa5 22. Bd2 Qb6 23. Be3 d5 24. exd5 exd5 25. Bf1 Qa5 26. Qe1 Bb4 27. Bd2 Re8 28. Be2 Qb6 29. Qf2 Bc5 30. Be3 Qd6 31. Nc2 Bxe3 32. Nxe3 Qe5 33. Rd3 Nc5 34. Rcd1 Nxd3 35. Rxd3 Rxc3 0-1